Normal view
MARC view
Entry Topical Term
001 - CONTROL NUMBER
- control field: 13997
003 - CONTROL NUMBER IDENTIFIER
- control field: dpl
005 - DATE AND TIME OF LATEST TRANSACTION
- control field: 20100816141303.0
008 - FIXED-LENGTH DATA ELEMENTS
- fixed length control field: 100816|||a|||||| | ||| d
040 ## - CATALOGING SOURCE
- Original cataloging agency: dpl
- Transcribing agency: dpl
150 ## - HEADING--TOPICAL TERM
- Topical term or geographic name as entry element: Americanfiction - History & Criticism
670 ## - SOURCE DATA FOUND
- Source citation: Work cat.: (dpl)42137: Paul, Meenakshi F. 13996, Eros and thanatos :, 2008
670 ## - SOURCE DATA FOUND
- Source citation: Work cat.: (dpl)42137: Paul, Meenakshi F. 13996, Eros and thanatos :, 2008
